[Event "FIDE Open"]
[Site "Voronezh"]
[Date "2017.06.13"]
[Round "2.17"]
[White "Buyukli, Egor"]
[Black "Bezgodova, Svetlana"]
[Result "1-0"]
[WhiteElo "1749"]
[BlackElo "2038"]
[Annotator ""]
[Source ""]
[Remark ""]

1.d4 Nf6 2.c4 d6 3.Nf3 Nbd7 4.Nc3 c6 5.e3 e5 6.Bd3 Be7 7.O-O
O-O 8.b3 a6 9.a4 a5 10.Bb2 Re8 11.Qc2 Bf8 12.Rad1 Qe7 13.Nd2
g6 14.Ba3 Rd8 15.Nde4 Ne8 16.f4 f5 17.Nf2 Qf6 18.fxe5 dxe5 19.Bxf8
Nxf8 20.d5 Qg5 21.e4 f4 22.c5 Kg7 23.Be2 Nc7 24.Qb2 Nd7 25.b4
axb4 26.Qxb4 Rf8 27.Nd3 Na6 28.Qc4 Qe7 29.Bg4 Ndxc5 30.Bxc8 Raxc8
31.Nb4 cxd5 32.Ncxd5 Qf7 33.Qc3 Rfe8 34.Rxf4 Qe6 35.Nxa6 bxa6
36.Qa1 Nb3 37.Qb2 Rb8 38.Rf6 Qg4 39.Qc2 Rec8 40.Qd3 Nc5 41.Qf3
Qxf3 42.gxf3 a5 43.Kg2 Nxa4 44.Re6 Rc2+ 45.Kg3 Rbb2 46.Rxe5 Rxh2
47.Re7+ Kh6 48.Rc1 Rbg2+ 49.Kf4 Nb2 50.Rcc7 Rh4+ 51.Ke5 Kg5 52.f4+
Kg4 53.Ne3+ Kf3 54.Nxg2 Nd3+ 55.Kd4 Kxg2 56.Kxd3 Rxf4 57.Rxh7
g5 1-0

[Event "FIDE Open"]
[Site "Voronezh"]
[Date "2017.06.13"]
[Round "2.18"]
[White "Napalkov, Vladimir"]
[Black "Polukhin, Alexander"]
[Result "1-0"]
[WhiteElo "2031"]
[BlackElo "1670"]
[Annotator ""]
[Source ""]
[Remark ""]

1.d4 e6 2.c4 f5 3.Nc3 Be7 4.g3 Nf6 5.Bg2 O-O 6.Nf3 Ne4 7.O-O
Bf6 8.Qd3 d5 9.b4 Nc6 10.cxd5 Nxb4 11.Qc4 Nxc3 12.Qxc3 Nxd5 13.Qd3
a5 14.Bb2 Rb8 15.Rac1 b5 16.Rc5 Ba6 17.e4 Nb4 18.Qb3 Re8 19.exf5
Kh8 20.fxe6 Rb6 21.a3 Nd3 22.Qxd3 b4 23.Qc2 Bxf1 24.Bxf1 Rbxe6
25.axb4 axb4 26.Rxc7 Qd5 27.Bc4 Qxf3 28.Bxe6 Bd8 29.Rf7 Bf6 30.d5
b3 31.Bxf6 bxc2 32.Bxg7+ Kg8 33.Re7+ Qf7 34.Bxf7+ 1-0

[Event "FIDE Open"]
[Site "Voronezh"]
[Date "2017.06.13"]
[Round "2.19"]
[White "Gerasimov, Vadim"]
[Black "Arbuzov, Mikhail"]
[Result "0-1"]
[WhiteElo "1713"]
[BlackElo "2022"]
[Annotator ""]
[Source ""]
[Remark ""]

1.e4 e6 2.d4 b6 3.Nf3 Bb7 4.Bd3 Nf6 5.e5 Nd5 6.O-O Nb4 7.Be2
Be7 8.a3 N4c6 9.c4 d6 10.exd6 Bxd6 11.Nc3 O-O 12.Re1 Nd7 13.Bd3
h6 14.b4 a5 15.b5 Ne7 16.Ne4 Nf5 17.Nxd6 Nxd6 18.Qe2 c5 19.bxc6
Bxc6 20.Bf4 Nf6 21.Ne5 Be4 22.f3 Bxd3 23.Qxd3 Nh5 24.Bd2 Rc8
25.Rec1 Nf6 26.Rab1 Nf5 27.Bc3 Qd6 28.Ba1 Rfd8 29.Rd1 Nd7 30.Rb5
Nxe5 31.Rxe5 Qxe5 32.dxe5 Rxd3 33.Rxd3 Rxc4 34.Bb2 b5 35.Rd8+
Kh7 36.Rb8 b4 37.axb4 axb4 38.Rb7 Kg6 39.g3 Ne3 40.Kf2 Nd1+ 0-1

[Event "FIDE Open"]
[Site "Voronezh"]
[Date "2017.06.13"]
[Round "2.20"]
[White "Mikhnenko, Alexander"]
[Black "Shcherbinin, Nikolay"]
[Result "1-0"]
[WhiteElo "2019"]
[BlackElo "1602"]
[Annotator ""]
[Source ""]
[Remark ""]

1.e4 c5 2.Nf3 g6 3.d4 cxd4 4.Nxd4 Bg7 5.c4 d6 6.Nc3 Nc6 7.Be3
Nf6 8.f3 O-O 9.Qd2 Bd7 10.g4 Qa5 11.Be2 Rfc8 12.Kf2 a6 13.Rag1
Nxd4 14.Bxd4 b5 15.b3 bxc4 16.Bxc4 Bb5 17.g5 Ne8 18.Bxg7 Nxg7
19.Bxb5 axb5 20.Rc1 Ne6 21.Rc2 Qa7+ 22.Kg2 Rc5 23.h4 Rac8 24.Rhc1
Qa5 25.Kg3 Qb4 26.Nd5 Qxd2 27.Rxd2 Rxc1 28.Nxe7+ Kf8 29.Nxc8
Rxc8 30.Rxd6 Ra8 31.Rd5 Rxa2 32.Rxb5 Rb2 33.Rb8+ Kg7 34.b4 Nd4
35.Rb7 Nc6 36.b5 Nd4 37.b6 Nc6 38.f4 Na5 39.Ra7 Nc4 40.f5 Rxb6
41.f6+ 1-0

[Event "FIDE Open"]
[Site "Voronezh"]
[Date "2017.06.13"]
[Round "2.21"]
[White "Ryumshin, Vladislav"]
[Black "Moiseenko, Andrey"]
[Result "0-1"]
[WhiteElo "1603"]
[BlackElo "2010"]
[Annotator ""]
[Source ""]
[Remark ""]

1.e4 c5 2.Nf3 d6 3.d4 cxd4 4.Nxd4 Nf6 5.Nc3 a6 6.Be3 e6 7.Bg5
Be7 8.Be2 Nbd7 9.O-O Qc7 10.Nf3 b5 11.a3 Bb7 12.Qd3 Nc5 13.Qd4
e5 14.Qe3 Ncxe4 15.Nxe4 Nxe4 16.Bxe7 Qxe7 17.a4 bxa4 18.Rxa4
Nc5 19.Rg4 f5 20.Rb4 O-O 21.Rd1 Rad8 22.Rb6 Qc7 23.Rb4 f4 24.Qc3
Kh8 25.Rc4 Qe7 26.b4 Ne4 27.Qb2 d5 28.Rxe4 dxe4 29.Nxe5 Rxd1+
30.Bxd1 Qd6 31.Bh5 f3 32.Qa1 Qf6 33.Qd4 Qg5 34.g4 Qc1+ 0-1

[Event "FIDE Open"]
[Site "Voronezh"]
[Date "2017.06.13"]
[Round "2.22"]
[White "Garafutdinov, Ainur"]
[Black "Kobozev, Aleksandr"]
[Result "1-0"]
[WhiteElo "1998"]
[BlackElo "1497"]
[Annotator ""]
[Source ""]
[Remark ""]

1.e4 e5 2.Nf3 Nc6 3.Bc4 Nf6 4.Ng5 d5 5.exd5 Na5 6.Bb5+ c6 7.dxc6
bxc6 8.Be2 h6 9.Nf3 e4 10.Ne5 Bd6 11.Ng4 O-O 12.Ne3 Nd5 13.Nc3
Nxc3 14.dxc3 Qe7 15.Nc4 Nxc4 16.Bxc4 Bf5 17.Qe2 Rab8 18.Bb3 a5
19.Be3 Be6 20.g3 c5 21.O-O-O Rfc8 22.Bxe6 Qxe6 23.Rxd6 Qxa2 24.Kd2
Rd8 25.Qa6 Qe6 26.Bxc5 Rxd6+ 27.Qxd6 Qe8 28.Bd4 Rxb2 29.Qe5 Qf8
30.Qxa5 f5 31.Ra1 Rb8 32.Qd5+ Kh7 33.Ra7 h5 34.Rxg7+ Kh6 35.Qc6+ 1-0

[Event "FIDE Open"]
[Site "Voronezh"]
[Date "2017.06.13"]
[Round "2.23"]
[White "Rudakov, Sergey S."]
[Black "Kholodov, Vladimir"]
[Result "0-1"]
[WhiteElo "1575"]
[BlackElo "1986"]
[Annotator ""]
[Source ""]
[Remark ""]

1.d4 d5 2.c4 c6 3.Nf3 e6 4.e3 Nf6 5.Nc3 Nbd7 6.Bd3 dxc4 7.Bxc4
b5 8.Bd3 b4 9.Ne2 Bd6 10.O-O O-O 11.e4 e5 12.Bg5 h6 13.Bh4 Qb6
14.Bxf6 gxf6 15.Qd2 Kh7 16.Nh4 Rg8 17.Bc4 Rg4 18.Nf5 Bf8 19.f3
Rg5 20.h4 Rxf5 21.exf5 exd4 22.Kh1 Ne5 23.Bb3 c5 24.f4 Ng4 25.Bxf7
Bb7 26.Ng3 Ne3 27.Rf2 Bd6 28.Nf1 Kg7 29.Nxe3 dxe3 30.Qxe3 Kxf7
31.Qe6+ Kg7 32.Rd1 Rd8 33.Rfd2 Qc6 34.Qe3 Rg8 35.Kh2 Kh8 36.g3
c4 37.Rd5 c3 38.Qe6 c2 39.Qxf6+ Kh7 40.Qxd6 cxd1Q 0-1

[Event "FIDE Open"]
[Site "Voronezh"]
[Date "2017.06.13"]
[Round "2.24"]
[White "Badtrutdinova, Darya"]
[Black "Gulko, Oleg"]
[Result "1/2-1/2"]
[WhiteElo "1445"]
[BlackElo "1956"]
[Annotator ""]
[Source ""]
[Remark ""]

1.d4 d5 2.Nf3 c5 3.e3 Nc6 4.b3 cxd4 5.Nxd4 e5 6.Nxc6 bxc6 7.Bb2
Bd6 8.Be2 Nf6 9.O-O O-O 10.c4 Ba6 11.cxd5 Bxe2 12.Qxe2 cxd5 13.Rd1
Qa5 14.Nc3 Rfd8 15.Nb5 Bb8 16.Nc3 a6 17.Na4 Ra7 18.Rac1 Rc7 19.Rxc7
Bxc7 20.Bc3 Qb5 21.Qxb5 axb5 22.Nc5 Ra8 23.Rd2 Bb6 24.b4 Bxc5
25.bxc5 Ne4 26.Rc2 Nxc3 27.Rxc3 Rxa2 28.h3 d4 29.exd4 exd4 30.Rd3
Ra4 31.Rb3 Kf8 32.Rxb5 d3 33.Rb2 Ke7 34.f3 f5 35.g3 g5 36.Kf2
f4 37.gxf4 gxf4 38.Ke1 Ke6 39.Kd2 Rd4 40.Kc3 Rd5 41.c6 Kd6 42.Rd2
Kxc6 43.Rxd3 Re5 44.Kd2 Kc5 45.Rc3+ Kd4 46.Rd3+ Kc4 47.Rc3+ Kb4
48.Rc7 Re3 49.Rxh7 Rxf3 50.Rf7 Kc4 51.Ke2 Re3+ 52.Kf2 Rxh3 1/2-1/2

[Event "FIDE Open"]
[Site "Voronezh"]
[Date "2017.06.13"]
[Round "2.25"]
[White "Palin, Denis"]
[Black "Romanov, Maksim"]
[Result "1-0"]
[WhiteElo "2158"]
[BlackElo "1452"]
[Annotator ""]
[Source ""]
[Remark ""]

1.d4 Nf6 2.Nf3 e6 3.e3 c5 4.Bd3 d5 5.O-O Nc6 6.b3 Nb4 7.Be2 Bd6
8.Bb2 Qc7 9.c4 cxd4 10.exd4 b6 11.Nc3 a6 12.a3 Nc6 13.cxd5 exd5
14.Rc1 Qd7 15.b4 O-O 16.Na4 Rb8 17.Ne5 Bxe5 18.dxe5 Ne8 19.f4
Ne7 20.Bd4 Nf5 21.Nxb6 Qa7 22.Nxc8 Qxd4+ 23.Qxd4 Nxd4 24.Ne7+
Kh8 25.Bxa6 Ra8 26.Rfd1 Rxa6 27.Rxd4 Re6 28.Nxd5 1-0

[Event "FIDE Open"]
[Site "Voronezh"]
[Date "2017.06.13"]
[Round "2.26"]
[White "Gitelson, Arkady"]
[Black "Astakhov, Alexander"]
[Result "1-0"]
[WhiteElo "2120"]
[BlackElo "1798"]
[Annotator ""]
[Source ""]
[Remark ""]

1.e4 Nf6 2.e5 Nd5 3.Nc3 c6 4.d4 d6 5.f4 Bf5 6.Bd3 Bxd3 7.Qxd3
Nb4 8.Qe2 e6 9.Nf3 Nd7 10.f5 dxe5 11.fxe6 fxe6 12.dxe5 h6 13.a3
Na6 14.Qe4 Qe7 15.Be3 Nac5 16.Qg6+ Qf7 17.Qxf7+ Kxf7 18.O-O-O
g5 19.b4 Bg7 20.bxc5 Nxe5 21.Nxe5+ Bxe5 22.Ne4 Rhd8 23.Nd6+ Bxd6
24.cxd6 Rd7 25.h4 Kg6 26.hxg5 hxg5 27.Rd4 Rg8 28.g4 e5 29.Re4
Rxd6 30.Rxe5 Rd5 31.Rxd5 cxd5 32.Rd1 Re8 33.Bxa7 Re4 34.Rd4 Re3
35.Bc5 Rg3 36.Rxd5 Rxg4 37.Be3 Rg2 38.Rb5 g4 39.Rxb7 1-0

[Event "FIDE Open"]
[Site "Voronezh"]
[Date "2017.06.13"]
[Round "2.27"]
[White "Foshenko, Kirill"]
[Black "Kazmin, Semen"]
[Result "0-1"]
[WhiteElo "1710"]
[BlackElo "2086"]
[Annotator ""]
[Source ""]
[Remark ""]

1.d4 Nf6 2.c4 g6 3.Nc3 Bg7 4.e4 d6 5.f3 O-O 6.Be3 e5 7.d5 Nh5
8.Qd2 f5 9.O-O-O Nd7 10.Nge2 f4 11.Bf2 a5 12.Kb1 b6 13.Nc1 Nc5
14.b3 g5 15.h3 Bd7 16.a3 Qe8 17.Bd3 Qg6 18.Bc2 Nf6 19.Kb2 h5
20.b4 axb4 21.axb4 Na4+ 22.Bxa4 Bxa4 23.Rdg1 Bd7 24.Nb3 g4 25.Qd3
g3 26.Be1 h4 27.Bd2 Nh7 28.Qe2 Ng5 29.b5 Qh5 30.Rf1 Ra7 31.Nc1
Kh7 32.Nd3 Bf6 33.Nb4 Rg8 34.Rfg1 Rg7 35.Nd3 Ra8 36.Ne1 Rag8
37.Kc1 Qe8 38.Kb2 Rg6 39.Qf1 Qc8 40.Ne2 R6g7 41.Bc3 Qa8 42.Nxf4
exf4 43.Bxf6 Rg6 44.Bxg5 Rxg5 45.Nc2 Qf8 46.Qd3 Qg7+ 47.Kb3 Ra8
48.Qd4 Re5 49.Nb4 Qf7 50.Ra1 Rxa1 51.Qxa1 Re8 52.Nd3 Rf8 53.Kc2
Qe8 54.Qc1 Qa8 55.Qa1 Qc8 56.Kc3 Qe8 57.Kc2 Qe7 58.Kd2 Be8 59.Re1
Bd7 60.e5 dxe5 61.Rxe5 Qf7 62.Re4 Qg6 63.Qa3 Kg8 64.Ne5 Qg7 65.Nxd7
Qxd7 66.Qe7 Qxe7 67.Rxe7 Ra8 68.Re2 Ra3 69.Kc2 Kf7 70.Kb2 Rd3
71.Kc2 Ra3 72.Kb2 Rd3 73.Kc2 Ra3 74.Kb1 Rb3+ 75.Ka2 Re3 76.Rd2
Ke7 77.Kb2 Kf6 78.Rd4 Re2+ 79.Kc3 Ke5 0-1

[Event "FIDE Open"]
[Site "Voronezh"]
[Date "2017.06.13"]
[Round "2.28"]
[White "Tatarintsev, Egor"]
[Black "Makushin, Aleksandr"]
[Result "0-1"]
[WhiteElo "2085"]
[BlackElo "1753"]
[Annotator ""]
[Source ""]
[Remark ""]

1.e4 c6 2.Nc3 d5 3.Nf3 Nf6 4.e5 Ne4 5.d3 Nxc3 6.bxc3 Bg4 7.d4
e6 8.Bd3 c5 9.h3 Bxf3 10.Qxf3 c4 11.Be2 Nc6 12.O-O b5 13.Bd2
Ba3 14.Qg3 g6 15.f4 Ne7 16.Qf2 h5 17.g4 Kd7 18.Kg2 Qb6 19.Qg3
Rh7 20.Rf3 Rah8 21.Raf1 hxg4 22.hxg4 a5 23.Rb1 Qc6 24.Rff1 Qb7
25.Rf3 Kc6 26.Rff1 Qa8 27.Rh1 Rxh1 28.Rxh1 Rxh1 29.Kxh1 Qh8+
30.Kg2 Kd7 31.Bf3 Kc6 32.Qh3 Qxh3+ 33.Kxh3 b4 34.Kh4 Kd7 35.Kg5
Nc6 36.f5 gxf5 37.gxf5 bxc3 38.Bxc3 Be7+ 39.f6 Bb4 40.Ba1 Bd2+
41.Kg4 Nb4 42.c3 Nxa2 43.Bd1 Bxc3 44.Ba4+ Kd8 45.Bxc3 Nxc3 46.Bc6 0-1

[Event "FIDE Open"]
[Site "Voronezh"]
[Date "2017.06.13"]
[Round "2.29"]
[White "Koptev, Ruslan"]
[Black "Chekletsov, Egor"]
[Result "0-1"]
[WhiteElo "1720"]
[BlackElo "2070"]
[Annotator ""]
[Source ""]
[Remark ""]

1.e4 e5 2.Nf3 Nc6 3.Bb5 Nge7 4.Nc3 g6 5.d4 exd4 6.Nd5 Nxd5 7.exd5
Qe7+ 8.Be2 Nb4 9.O-O Bg7 10.Bg5 Qc5 11.Re1 O-O 12.d6 Qxc2 13.Rc1
Qxd1 14.Rexd1 cxd6 15.Nxd4 a6 16.Bg4 Nc6 17.Nb3 Bxb2 18.Rc2 Bg7
19.Rxd6 Be5 20.Rd1 d5 21.Bxc8 Raxc8 22.Rxd5 f6 23.Be3 Nb4 24.Rxc8
Rxc8 25.Rd7 b5 26.a3 Rc3 27.Nc5 Nc2 28.Ne6 Nxe3 29.fxe3 Rxe3
30.Rg7+ Kh8 31.Re7 h5 32.Re8+ Kh7 33.Re7+ Kh6 34.Re8 g5 35.Kf2
Rxa3 36.Re7 Kg6 37.h3 h4 38.Nf8+ Kf5 39.Nd7 Bd4+ 40.Ke2 b4 41.Nb8
b3 42.Nc6 Bc3 43.Kd3 b2 44.Kc2 Ra1 0-1

[Event "FIDE Open"]
[Site "Voronezh"]
[Date "2017.06.13"]
[Round "2.30"]
[White "Smiyan, Vladimir"]
[Black "Ivlev, Aleksandr"]
[Result "1/2-1/2"]
[WhiteElo "1983"]
[BlackElo "1717"]
[Annotator ""]
[Source ""]
[Remark ""]

1.d4 Nf6 2.Nf3 e6 3.e3 b6 4.Bd3 Bb7 5.O-O Be7 6.c4 O-O 7.b3 d5
8.Bb2 Nbd7 9.Nc3 c5 10.Rc1 Rc8 11.Qe2 Bd6 12.Rfd1 Qe7 13.Bb1
Rfd8 14.cxd5 exd5 15.Bf5 c4 16.Nb5 Ba6 17.Nxd6 Qxd6 18.Ne5 b5
19.bxc4 bxc4 20.Bc3 g6 21.Bh3 Rb8 22.f3 Nf8 23.e4 Ne6 24.Qe3
Kg7 25.Rc2 h5 26.Re2 Re8 27.g3 Bb7 28.Bg2 Nh7 29.f4 f6 30.Nxg6
dxe4 31.Nh4 Kh8 32.Red2 Bd5 33.Bh3 Ng7 34.Nf5 Qd7 35.Nxg7 Qxg7
36.Bf5 Nf8 37.Re1 Ne6 38.Rde2 Re7 39.Rd2 Qh6 40.Qf2 Rbe8 41.Re3
a6 42.Bb4 Rb7 43.Bc5 h4 44.Bxe4 hxg3 45.Qxg3 Bxe4 46.Rxe4 1/2-1/2

[Event "FIDE Open"]
[Site "Voronezh"]
[Date "2017.06.13"]
[Round "2.31"]
[White "Zaitseva, Lyudmila"]
[Black "Kocharyan, Hayk"]
[Result "0-1"]
[WhiteElo "1922"]
[BlackElo "1604"]
[Annotator ""]
[Source ""]
[Remark ""]

1.e4 c5 2.Nf3 a6 3.d4 cxd4 4.Nxd4 Nf6 5.Nc3 e5 6.Nb3 Bb4 7.Bd3
Bxc3+ 8.bxc3 O-O 9.Bg5 d6 10.O-O Be6 11.Nd2 Nbd7 12.f4 exf4 13.Rxf4
h6 14.Bxf6 Nxf6 15.c4 Nd7 16.Nf1 Ne5 17.Ne3 Qb6 18.Qe2 Bxc4 19.Bxc4
Nxc4 20.Qxc4 Qxe3+ 21.Rf2 Rac8 22.Qd3 Rc3 23.Qxe3 Rxe3 24.Rd1
Rd8 25.Rd4 Rc8 26.h3 Rc6 27.Rb4 b6 28.Rd2 Kf8 29.Kf2 Ra3 30.Rb2
Ke7 31.Ke2 Rc4 32.Rxb6 Rxa2 33.Kd3 Rc5 34.Rb7+ Ke6 35.Rf2 Ra3+
36.Kd2 Rac3 37.Kd1 Rc7 38.Rxc7 Rxc7 39.Kd2 a5 40.Kd3 a4 41.c4
a3 42.Ra2 Ra7 43.Kd4 f6 44.Kd3 Ke5 45.Ke3 Ra4 46.Kd3 Ra6 47.Ke3
Ra5 48.Kd3 Ra4 49.g3 g6 50.h4 h5 51.Ke3 g5 52.Kd3 gxh4 53.gxh4
Ra6 54.Ke3 Ra5 55.Rf2 Ra7 56.Ra2 Ra8 57.Kd3 Ra4 58.Ke3 Rxc4 59.Rxa3
Rxe4+ 60.Kf3 Rxh4 61.Kg3 Rg4+ 62.Kf3 d5 63.Ra8 Rf4+ 64.Ke3 d4+
65.Kd3 Rf3+ 66.Ke2 Re3+ 67.Kd2 h4 68.Rh8 h3 69.Rh4 Rg3 70.Ke2
f5 71.Kf2 Ra3 72.Rh8 h2 73.Kg2 Ra2+ 74.Kf3 d3 75.Re8+ Kf6 76.Re1
Kg5 77.Ke3 Rc2 0-1

[Event "FIDE Open"]
[Site "Voronezh"]
[Date "2017.06.13"]
[Round "2.32"]
[White "Kuritsina, Zlata"]
[Black "Chervonenkis, Boris"]
[Result "1/2-1/2"]
[WhiteElo "1538"]
[BlackElo "1918"]
[Annotator ""]
[Source ""]
[Remark ""]

1.g3 Nf6 2.Bg2 d5 3.Nf3 g6 4.b3 Bg7 5.Bb2 O-O 6.O-O c6 7.d3 Nbd7
8.Nbd2 Ne8 9.Bxg7 Nxg7 10.c4 e6 11.Rc1 Re8 12.Qc2 Qe7 13.d4 Nf5
14.e4 dxe4 15.Nxe4 Nf6 16.Rfd1 Rd8 17.Nxf6+ Qxf6 18.Qe4 Nd6 19.Qe5
Qg7 20.Qf4 Nf5 21.g4 Ne7 22.g5 Nf5 23.Ne5 Qf8 24.Ng4 Qd6 25.Nf6+
Kg7 26.Qxd6 Nxd6 27.d5 c5 28.dxe6 Bxe6 29.Nd5 Rac8 30.Rc3 Nf5
31.Rcd3 Nd4 32.Nc3 Bg4 33.R1d2 Kh8 34.Kf1 Kg7 35.Kg1 Kh8 36.Kf1
Kg7 37.Kg1 Kh8 38.Kf1 Kg7 39.Kg1 Kh8 40.Kf1 1/2-1/2

[Event "FIDE Open"]
[Site "Voronezh"]
[Date "2017.06.13"]
[Round "2.33"]
[White "Neklyudov, Taras"]
[Black "Gerasko, Viacheslav"]
[Result "1-0"]
[WhiteElo "1550"]
[BlackElo "1907"]
[Annotator ""]
[Source ""]
[Remark ""]

1.e4 c5 2.Nf3 e6 3.c4 Nc6 4.Nc3 g6 5.d4 cxd4 6.Nxd4 Bg7 7.Ndb5
Be5 8.Nd6+ Ke7 9.Nxc8+ Rxc8 10.Be3 a6 11.f4 Bxc3+ 12.bxc3 Qa5
13.Qd2 Nf6 14.Bd3 Rhd8 15.Rb1 b5 16.cxb5 Nb8 17.bxa6 Qxc3 18.a7
Qxd2+ 19.Kxd2 Nc6 20.e5 Nd5 21.Bc5+ Ke8 22.Ba6 Rc7 23.Bb7 Nxa7
24.Bxa7 Nxf4 25.Bb6 Rxb7 26.Bxd8 Rxb1 27.Rxb1 Kxd8 28.a4 Nd5
29.a5 Nc7 30.Rb8+ Ke7 31.Rb7 Kd8 32.Rb8+ Ke7 33.Rb6 Nd5 34.Rb7
Kd8 35.a6 Kc8 36.Rb1 d6 1-0

[Event "FIDE Open"]
[Site "Voronezh"]
[Date "2017.06.13"]
[Round "2.34"]
[White "Katkov, Vitaly"]
[Black "Yudakov, Alexey"]
[Result "1-0"]
[WhiteElo "2054"]
[BlackElo "1556"]
[Annotator ""]
[Source ""]
[Remark ""]

1.Nf3 d5 2.d4 Nf6 3.c4 e6 4.Bg5 Be7 5.e3 c6 6.Nc3 Nbd7 7.cxd5
Nxd5 8.Bxe7 Qxe7 9.Be2 O-O 10.O-O Nxc3 11.bxc3 b6 12.a4 Bb7 13.a5
c5 14.Qb3 cxd4 15.exd4 Rfc8 16.Rfe1 Rc7 17.axb6 Nxb6 18.c4 Qd7
19.Red1 Qc8 20.Ne5 f6 21.c5 Bd5 22.Qb4 Nd7 23.Nc4 Qb7 24.Qc3
Bxc4 25.Bxc4 Re8 26.Ra6 Rc6 27.Qf3 Nb8 28.Raa1 Rc7 29.Qe2 Rce7
30.Re1 Nc6 31.Qe4 Kh8 32.Rab1 Qc7 33.Bb5 Rc8 34.Re3 f5 35.Qxc6
Rb8 36.Qxc7 Rxc7 37.Bd3 1-0

[Event "FIDE Open"]
[Site "Voronezh"]
[Date "2017.06.13"]
[Round "2.35"]
[White "Gaglazov, Mikhail"]
[Black "Ioffe, Evgeny"]
[Result "1-0"]
[WhiteElo "1668"]
[BlackElo "2155"]
[Annotator ""]
[Source ""]
[Remark ""]

1.e4 c6 2.d4 d5 3.Nc3 dxe4 4.Nxe4 Nf6 5.Nxf6+ gxf6 6.Bf4 Qb6
7.b3 Bf5 8.Nf3 e6 9.Qd2 Nd7 10.Bd3 Bg4 11.Be2 O-O-O 12.O-O-O
Ba3+ 13.Kb1 Rhg8 14.h3 Bf5 15.Rhg1 Bb4 16.Qe3 Qa5 17.Bd3 Nb6
18.c4 Ba3 19.Qe2 Nxc4 20.bxc4 Qb4+ 21.Ka1 Qc3+ 22.Kb1 Qxc4 23.Qc2
Qb4+ 24.Ka1 Rd5 25.Rb1 Bxd3 26.Qxd3 Qa4 27.Qxh7 Rf8 28.Qg7 Ra5
29.Bd2 Ra6 30.Rb3 Be7 31.Rb2 Ba3 32.Rbb1 Be7 33.Rb2 Kd8 34.Rgb1
Ke8 35.Qh7 Ba3 36.Rb3 Bc5 37.Qc2 Bb6 38.Qb2 Qc4 39.Bc3 Rg8 40.g3
Qd5 41.Bd2 Kd7 42.Bb4 Bc7 43.Bc5 b6 44.Qe2 Ra4 45.Bb4 a5 46.Bd2
b5 47.Be3 Bb6 48.g4 Rc4 49.Nd2 Bxd4+ 50.Bxd4 Qxd4+ 51.R1b2 Rc1+
52.Nb1 Kc7 53.Rd3 Qc4 54.Qd2 Kb6 55.Rd7 Rh8 56.Qe3+ Qc5 57.Qf4
b4 58.Qxf6 Rxh3 59.Qxf7 Rhh1 60.Qf3 Qc2 61.Qe3+ Kb5 62.Rb7+ Kc4
63.Rxc2+ Rxc2 64.Qe4+ 1-0

[Event "FIDE Open"]
[Site "Voronezh"]
[Date "2017.06.13"]
[Round "2.36"]
[White "Chekletsova, Darya"]
[Black "Bitkinin, Lenar"]
[Result "1-0"]
[WhiteElo "1657"]
[BlackElo "2094"]
[Annotator ""]
[Source ""]
[Remark ""]

1.d4 f5 2.g3 Nf6 3.Bg2 g6 4.Nf3 Bg7 5.O-O O-O 6.c4 d6 7.Nc3 c6
8.Bf4 a5 9.Qd2 Re8 10.Rfe1 Na6 11.Rac1 Bd7 12.a3 b5 13.cxb5 cxb5
14.Ng5 Rb8 15.Nd5 h6 16.Nxf6+ Bxf6 17.Nf3 g5 18.Be3 b4 19.h4
g4 20.Nh2 h5 21.Bg5 e6 22.Bf4 Qb6 23.Be3 Qb5 24.Bg5 Bg7 25.Bh6
Re7 26.Qg5 Rf7 27.Qxh5 Bxd4 28.Qg6+ Bg7 29.h5 Nc5 30.Bg5 Be8
31.Bh6 Qd7 32.Qg5 Kh8 33.Bxg7+ Rxg7 34.Qh6+ Kg8 35.Red1 Qe7 36.Qf4
Rb6 37.h6 Rh7 38.Rc2 Ba4 39.Rxc5 dxc5 40.Rd2 Bd7 41.Qc7 Ra6 42.Bb7
bxa3 43.bxa3 Be8 44.Qxe7 Rxe7 45.Bxa6 Kh7 46.Rc2 Rc7 47.Nf1 Kxh6
48.Ne3 Kg5 49.Ng2 Ba4 50.Rc4 Bb3 51.Rc3 a4 52.Bc4 Rb7 53.Nf4
Kf6 54.Nd3 Bxc4 55.Rxc4 1-0

[Event "FIDE Open"]
[Site "Voronezh"]
[Date "2017.06.13"]
[Round "2.37"]
[White "Ragimli, Deniz"]
[Black "Geranichev, Mikhail"]
[Result "0-1"]
[WhiteElo "1648"]
[BlackElo "2076"]
[Annotator ""]
[Source ""]
[Remark ""]

1.d4 Nf6 2.Bg5 g6 3.Bxf6 exf6 4.e3 Bg7 5.g3 O-O 6.Bg2 d5 7.Ne2
f5 8.O-O c6 9.Nd2 Nd7 10.c4 Nf6 11.c5 Ne4 12.f4 Nf6 13.h3 Re8
14.Rf3 Re6 15.Nf1 Bd7 16.Nc3 Qc7 17.Rf2 h5 18.h4 Ng4 19.Re2 Rae8
20.Qd2 Bc8 21.Rae1 Qe7 22.Bf3 Nf6 23.b4 a6 24.a3 Nd7 25.Rb1 Nf8
26.a4 Qc7 27.a5 R6e7 28.Rbe1 Qd8 29.Nd1 Nd7 30.Nc3 Nf6 31.Qc2
Qd7 32.Qd2 Ne4 33.Qc2 Bf6 34.Kh2 Qd8 35.Kh3 Re6 36.Rd1 Kg7 37.Rg2
Rh8 38.Rg1 Be7 39.Nb1 Nf6 40.Rg2 Ng4 41.Re2 Bf6 42.Rd3 Be7 43.Rg2
Re8 44.Re2 Bf6 45.Nc3 Qe7 46.Nd1 Qd8 47.Qd2 R8e7 48.Kg2 Qe8 49.Kh3
Re4 50.Kg2 R7e6 51.Kh3 Qe7 52.Qe1 Bd7 53.Qd2 Qd8 54.Qe1 Kh7 55.Qd2
Be7 56.Qe1 f6 57.Qd2 g5 58.Rg2 Bf8 59.Qe2 Bh6 60.Qd2 Re7 61.Rg1
Rg7 62.Rg2 Re8 63.Rg1 Reg8 64.Qc2 Rg6 65.Rd2 Kh8 66.Rdg2 Qe7
67.Qd2 Bf8 68.Qe2 Nh6 69.hxg5 fxg5 70.fxg5 Qxg5 71.Bxh5 R6g7
72.Rh2 f4+ 73.Kg2 fxg3 74.Rh3 Bxh3+ 75.Kxh3 Qf5+ 76.Kg2 Ng4 77.Rh1
Nh2 78.Nxh2 gxh2+ 79.Kxh2 Rh7 0-1

[Event "FIDE Open"]
[Site "Voronezh"]
[Date "2017.06.13"]
[Round "2.38"]
[White "Chernov, Vladimir S"]
[Black "Kumakov, Ivan"]
[Result "1-0"]
[WhiteElo "2045"]
[BlackElo "1658"]
[Annotator ""]
[Source ""]
[Remark ""]

1.d4 d5 2.Nf3 Nc6 3.Bf4 Bg4 4.e3 e6 5.c4 dxc4 6.Bxc4 Bd6 7.Bxd6
cxd6 8.Nbd2 d5 9.Bb5 Nge7 10.O-O O-O 11.Rc1 Qb6 12.Qb3 Rac8 13.Bxc6
Qxb3 14.Nxb3 Nxc6 15.Nc5 Bxf3 16.gxf3 b6 17.Nd3 Na5 18.b3 Nb7
19.Ne5 Nd6 20.Rc6 Rfd8 21.Rfc1 Kf8 22.Kf1 f6 23.Nd3 Ke7 24.Ke2
Kd7 25.Rxc8 Rxc8 26.Rxc8 Kxc8 27.Nf4 Kd7 28.Kd3 Ne8 29.b4 Kd6
30.e4 dxe4+ 31.fxe4 e5 32.Nd5 b5 33.Nc3 a6 34.d5 g6 35.a4 Nc7
36.a5 f5 37.f3 f4 38.Ne2 Ne8 39.Nc1 Nf6 40.Nb3 Nd7 41.Ke2 g5
42.Kf2 h5 43.Nc1 g4 44.Nd3 Nf6 45.Nc5 h4 46.Nxa6 g3+ 47.Kg2 Nd7
48.Nc5 Nf6 49.a6 Ne8 50.Ne6 Nc7 51.Nxc7 Kxc7 52.d6+ 1-0

[Event "FIDE Open"]
[Site "Voronezh"]
[Date "2017.06.13"]
[Round "2.39"]
[White "Denisenko, Dmitry"]
[Black "Rozmetov, Aybek"]
[Result "0-1"]
[WhiteElo "1628"]
[BlackElo "1978"]
[Annotator ""]
[Source ""]
[Remark ""]

1.e4 d5 2.exd5 Nf6 3.Nf3 Nxd5 4.c4 Nb6 5.d4 Bg4 6.Be3 e6 7.a3
Nc6 8.Nbd2 Be7 9.Be2 O-O 10.O-O Bf6 11.h3 Bh5 12.c5 Nd5 13.Rc1
Qe7 14.b4 a6 15.Qb3 Rfd8 16.Bc4 a5 17.Bxd5 Rxd5 18.Qb2 axb4 19.axb4
Rad8 20.Rc4 Qd7 21.Ra1 e5 22.b5 Nxd4 23.Bxd4 exd4 24.c6 bxc6
25.bxc6 Qf5 26.Nxd4 Qd3 27.Ra3 Bxd4 28.Rxd3 Bxb2 29.Rxd5 Rxd5
30.Rb4 Bf6 31.Ne4 h6 32.Nxf6+ gxf6 33.Rb7 Bg6 34.g4 Rd1+ 35.Kh2
Be4 36.Rxc7 Rc1 37.Rc8+ Kg7 38.c7 Bb7 39.Re8 Rxc7 40.Re1 Bd5
41.Rd1 Be6 42.Rg1 Rc2 43.Kg3 f5 44.f4 Kf6 45.Kh4 Rc3 46.g5+ hxg5+
47.fxg5+ Kg6 48.Rg4 fxg4 49.hxg4 Kg7 0-1

[Event "FIDE Open"]
[Site "Voronezh"]
[Date "2017.06.13"]
[Round "2.40"]
[White "Kasantsev, Anatolij B."]
[Black "Tatarintsev, Mikhail"]
[Result "1-0"]
[WhiteElo "1961"]
[BlackElo "1655"]
[Annotator ""]
[Source ""]
[Remark ""]

1.d4 d5 2.c4 c6 3.Nf3 Nf6 4.Nc3 e6 5.Bg5 Nbd7 6.cxd5 cxd5 7.e3
Qa5 8.Nd2 Bb4 9.Qc2 O-O 10.Bd3 a6 11.O-O h6 12.Bh4 Re8 13.Rfc1
Nf8 14.Qd1 N8h7 15.Nb3 Qb6 16.Na4 Qa7 17.Bg3 Bd7 18.Nac5 Rac8
19.a3 Bxc5 20.Nxc5 Qb6 21.Qc2 Bc6 22.Qe2 Nf8 23.Rc3 N8d7 24.Bh4
Nxc5 25.dxc5 Qd8 26.b4 d4 27.exd4 Qxd4 28.Bxf6 Qxf6 29.Rac1 Qg5
30.Be4 Bxe4 31.Qxe4 Rc7 32.Rd1 Rd8 33.Rcd3 Rcd7 34.h4 Qe7 35.g3
Rxd3 36.Rxd3 Rd7 37.Rxd7 Qxd7 38.Qe5 Qb5 39.Qb8+ Kh7 40.Qc7 Kg8
41.Qd8+ Kh7 42.Qb6 Qd7 43.Qd6 Qb5 44.Qf4 Kg8 45.a4 Qc6 46.h5
f6 47.Qc4 Qxa4 48.Qxe6+ Kf8 49.Qc8+ Qe8 50.Qxb7 Qxh5 51.Qc8+
Ke7 52.Qc7+ Ke8 53.Qc6+ Kf8 54.Qd6+ Kf7 55.Qd7+ Kf8 56.c6 Qe8
57.Qd5 Qc8 58.Kg2 Ke7 59.Qc5+ Ke8 60.Qb6 Ke7 61.Qc5+ Ke8 62.Qd6
Qd8 63.Qe6+ Kf8 64.Kh3 Qe8 65.Qd6+ Kf7 66.c7 Qc8+ 67.Kh2 Ke8
68.Qc6+ Ke7 69.f4 g5 70.f5 1-0

[Event "FIDE Open"]
[Site "Voronezh"]
[Date "2017.06.13"]
[Round "2.41"]
[White "Belov, Aleksei"]
[Black "Grishchenko, Vladimir"]
[Result "0-1"]
[WhiteElo "1625"]
[BlackElo "1939"]
[Annotator ""]
[Source ""]
[Remark ""]

1.e4 c5 2.Nf3 e6 3.d4 cxd4 4.Nxd4 a6 5.Be2 Nf6 6.Nc3 Qc7 7.O-O
Bb4 8.Qd3 O-O 9.Be3 d6 10.f4 Nbd7 11.Nb3 b5 12.Bf3 Bb7 13.Rfd1
Rfd8 14.g4 Bxc3 15.bxc3 d5 16.e5 Ne4 17.Bxe4 dxe4 18.Qd6 Qxc3
19.Bb6 Qf3 20.Na5 Qxg4+ 21.Kf1 Qxf4+ 22.Ke1 e3 23.Bxe3 Qxe3+
24.Kf1 Bf3 25.Rd2 Nf8 0-1

[Event "FIDE Open"]
[Site "Voronezh"]
[Date "2017.06.13"]
[Round "2.42"]
[White "Bukatin, Arseny"]
[Black "Vasiljev, Ilya"]
[Result "0-1"]
[WhiteElo "1883"]
[BlackElo "1644"]
[Annotator ""]
[Source ""]
[Remark ""]

1.e4 e6 2.d4 d5 3.Nc3 Nf6 4.Bg5 Be7 5.e5 Nfd7 6.Bxe7 Qxe7 7.f4
a6 8.Nf3 c5 9.Qd2 Nc6 10.dxc5 Nxc5 11.Bd3 Bd7 12.a3 Nxd3+ 13.Qxd3
h6 14.O-O O-O 15.Kh1 f5 16.Ne2 Rac8 17.b4 Be8 18.Rac1 Na7 19.Ned4
Bb5 20.Nxb5 Nxb5 21.c4 dxc4 22.Rxc4 Rxc4 23.Qxc4 Nxa3 24.Qb3
Nb5 25.Rc1 Rd8 26.Qc4 Kf7 27.h3 Rd7 28.Rb1 Rc7 29.Qd3 Rc3 30.Qe2
Qc7 31.Ng5+ hxg5 32.Qh5+ Ke7 33.Rd1 Rc1 34.Qxg5+ Kf8 35.Rxc1
Qxc1+ 36.Kh2 Qd2 37.Qh4 Kg8 38.Qh5 Qxf4+ 39.Kh1 Qc1+ 40.Kh2 Qc6 0-1